Statistics for One Piece - Flags

Click here to take the quiz!

General Stats

  • This quiz has been taken 881 times
  • The average score is 26 of 68

Answer Stats

Answer% Correct
Straw Hat Pirates
100%
Red Hair Pirates
92%
Whitebeard Pirates
90%
Buggy Pirates
89%
Heart Pirates
84%
Kid Pirates
84%
Spade Pirates
83%
Sun Pirates
82%
Arlong Pirates
77%
Big Mom Pirates
77%
Marines
77%
Straw Hat Pirates (Usopp suggestion)
75%
Blackbeard Pirates
73%
Beasts Pirates
67%
Donquixote Pirates
67%
Kuja Pirates
65%
Firetank Pirates
62%
Roger Pirates
62%
Hawkins Pirates
61%
Foxy Pirates (old flag)
58%
Straw Hat Pirates (Luffy attempt)
58%
Thriller Bark Pirates
58%
Black Cat Pirates
57%
On Air Pirates
56%
Bonney Pirates
55%
World Government
55%
Fallen Monk Pirates
49%
World Government (Enies Lobby)
45%
Sakura Kingdom
42%
Kozuki Family
40%
Sabo's flag
38%
Bliking Pirates
36%
Edward Weevil
34%
Beautiful Pirates
33%
Cook Pirates
33%
Barto Club
29%
Baroque Works
28%
Golden Lion Pirates
28%
Revolutionary Army
26%
New Fishman Pirates
25%
Alvida Pirates
22%
Fake Straw Hat Crew
21%
Foxy Pirates (current flag)
20%
Brownbeard Pirates
17%
Krieg Pirates
17%
Galley-La Company
16%
Drake Pirates
10%
Germa 66
9%
Usopp Pirates
9%
Masira Pirates
8%
Saruyama Alliance
8%
Bellamy Pirates
7%
Caribou Pirates
7%
Giant Warrior Pirates
7%
Impel Down
7%
Tontatta Pirates
7%
New Giant Warrior Pirates
5%
Rumbar Pirates
4%
Shoujou Pirates
4%
Happo Navy
3%
Ideo Pirates
3%
Kamabakka Kingdom
3%
Kurozumi Family
3%
Rosy Life Riders
3%
Roshio Pirates
2%
Flying Pirates
1%
Gally Pirates
1%
Yonta Maria Grand Fleet
1%

Score Distribution

Percentile by Number Answered

Percent of People with Each Score

Your Score History

You have not taken this quiz